00491nam a22001697a 450000500170000000800410001702000180005804000210007604100080009708200150010524500690012026000580018930000100024765000100025770000250026770000290029220240515075800.0240515b |||||||| |||| 00| 0 eng d a9789384900038 aIN-DiNCcIN-DiNC deng a305.4bWOM aWomen and globalization/ced. by Rumi Khalen and Bondita Borbora aGuwahati:bAssam College Teachers Association,c2024. a360p. aWomen aKhalen, RumieEditor aBorbora, BonditaeEditor